<?xml version="1.0" encoding="UTF-8"?>
<collection xmlns="http://www.loc.gov/MARC21/slim">
 <record>
  <leader>02730nam a22002531a 4500</leader>
  <controlfield tag="001">1/24781</controlfield>
  <controlfield tag="008">      s2001    lu     f      00010 gre d</controlfield>
  <datafield tag="022" ind1="0" ind2=" ">
   <subfield code="a">0254-1475</subfield>
  </datafield>
  <datafield tag="022" ind1="0" ind2=" ">
   <subfield code="a">0254-1483</subfield>
  </datafield>
  <datafield tag="028" ind1="3" ind2="1">
   <subfield code="a">KT-CO-01-593-GR-C</subfield>
  </datafield>
  <datafield tag="028" ind1="3" ind2="1">
   <subfield code="a">KT-CO-01-593-EN-C</subfield>
  </datafield>
  <datafield tag="028" ind1="3" ind2="1">
   <subfield code="a">2001/0223 (CNS)</subfield>
  </datafield>
  <datafield tag="035" ind1=" " ind2=" ">
   <subfield code="l">26558</subfield>
  </datafield>
  <datafield tag="040" ind1=" " ind2=" ">
   <subfield code="a">GR-PeUP</subfield>
  </datafield>
  <datafield tag="084" ind1=" " ind2=" ">
   <subfield code="2">KET</subfield>
   <subfield code="a">COM (2001) 551 τελικό</subfield>
  </datafield>
  <datafield tag="110" ind1="2" ind2=" ">
   <subfield code="a">Επιτροπή των Ευρωπαϊκών Κοινοτήτων.</subfield>
  </datafield>
  <datafield tag="245" ind1="1" ind2="0">
   <subfield code="a">Πρόταση Κανονισμού του Συμβουλίου σχετικά με την τροποποίηση του κανονισμού (ΕΚ) αριθ. 2666/2000 του Συμβουλίου για την παροχή βοήθειας προς την Αλβανία, τη Βοσνία- Ερζεγοβίνη, την Κροατία, την Ομοσπονδιακή Δημοκρατία της Γιουγκοσλαβίας και την πρώην Γιουγκοσλαβική Δημοκρατία της Μακεδονίας, για την κατάργηση του κανονισμού (ΕΚ) αριθ. 1628/96 και για την τροποποίηση των κανονισμών (ΕΟΚ) αριθ. 3906/89 και (ΕΟΚ) αριθ. 1360/90, και των αποφάσεων 97/256/ΕΚ και 1999/311/ΕΚ, και του κανονισμού (ΕΚ) αριθ. 2667/2000 του Συμβουλίου σχετικά με την ΕυρωπαΪκή Υπηρεσία για την Ανασυγκρότηση:</subfield>
   <subfield code="b">υποβληθείσα από την Επιτροπή/</subfield>
   <subfield code="c">Επιτροπή των Ευρωπαϊκών Κοινοτήτων</subfield>
  </datafield>
  <datafield tag="246" ind1="1" ind2="0">
   <subfield code="a">Proposal for a Council Regulation amending Council Regulation (EC) No 2666/2000 on assistance for Albania, Bosnia and Herzegovina, Croatia, the Federal Republic of Yugoslavia and the former Yugoslav Republic of Macedonia, repealing Regulation (EC) No 1628/96 and amending Regulations (EEC) No 3906/89 and (EEC) No 1360/90 and Decisions 97/256/EEC and 1999/311/EC and Council Regulation (EC) No 2667/2000 on the European Agency for Reconstruction:</subfield>
   <subfield code="b">presented by the Commission</subfield>
  </datafield>
  <datafield tag="260" ind1="0" ind2=" ">
   <subfield code="a">Βρυξέλλες, Λουξεμβούργο:</subfield>
   <subfield code="b">Υπηρεσία Επισήμων Εκδόσεων των Ευρωπαϊκών Κοινοτήτων,</subfield>
   <subfield code="c">27.9.2001</subfield>
  </datafield>
  <datafield tag="300" ind1=" " ind2=" ">
   <subfield code="a">8 σελ.</subfield>
  </datafield>
  <datafield tag="500" ind1=" " ind2=" ">
   <subfield code="a">Δίγλωσσο</subfield>
  </datafield>
  <datafield tag="852" ind1=" " ind2=" ">
   <subfield code="a">INST</subfield>
   <subfield code="b">UNIPILB</subfield>
   <subfield code="c">KET</subfield>
   <subfield code="e">20050221</subfield>
   <subfield code="h">KET  COM (2001) 551 τελικό</subfield>
   <subfield code="p">COM (2001) 551</subfield>
   <subfield code="q">COM (2001) 551</subfield>
   <subfield code="t">NOLOAN</subfield>
   <subfield code="y">23</subfield>
   <subfield code="4">1</subfield>
  </datafield>
  <datafield tag="856" ind1="4" ind2="1">
   <subfield code="u">http://eur-lex.europa.eu/LexUriServ/LexUriServ.do?uri=COM:2001:0551:FIN:EL:PDF</subfield>
  </datafield>
  <datafield tag="856" ind1="4" ind2="1">
   <subfield code="u">http://eur-lex.europa.eu/LexUriServ/LexUriServ.do?uri=COM:2001:0551:FIN:EN:PDF</subfield>
  </datafield>
 </record>
</collection>
